L'Enseignement de la médecine en France. (Record no. 59454)

MARC details
000 -LEADER
campo de control de longitud fija 00544nam a2200181 i 4500
001 - NÚMERO DE CONTROL
campo de control 59454
003 - IDENTIFICADOR DE NÚMERO DE CONTROL
campo de control ES-MaACL
005 - FECHA Y HORA DE LA ÚLTIMA TRANSACCIÓN
campo de control 20250826055719.0
007 - CAMPO FIJO DE DESCRIPCIÓN FÍSICA--INFORMACIÓN GENERAL
campo de control de longitud fija t|
008 - DATOS DE LONGITUD FIJA--INFORMACIÓN GENERAL
campo de control de longitud fija 031029s1932 fr ||||1| fre d
245 02 - MENCIÓN DEL TÍTULO
Título L'Enseignement de la médecine en France.
250 ## - MENCION DE EDICION
Mención de edición Nouvelle ed.
260 ## - PUBLICACIÓN, DISTRIBUCIÓN, ETC.
Lugar de publicación, distribución, etc. [Paris] :
Nombre del editor, distribuidor, etc. La Presse Médicale,
Fecha de publicación, distribución, etc. 1932 (
Lugar de fabricación/manufactura Corbeil :
Fabricante Crité)
300 ## - DESCRIPCIÓN FÍSICA
Extensión 172 p. ;
Dimensiones 23 cm.
650 #7 - PUNTO DE ACCESO ADICIONAL DE MATERIA--TÉRMINO DE MATERIA
Término de materia o nombre geográfico como elemento de entrada Medicina-
Subdivisión general Estudio y enseñanza-
Subdivisión geográfica Francia
Fuente del encabezamiento o término
9 (RLIN) 163763
852 ## - LOCALIZACIÓN
Ubicación ES-MaACL
Número de control de estantería C-18165
Sublocalización o colección R.46315
Holdings
Estatus retirado Estado de pérdida Estado de daño No para préstamo Biblioteca de origen Biblioteca actual Ubicación en estantería Fecha de adquisición Fuente de adquisición Total de préstamos Signatura topográfica completa Código de barras Visto por última vez Precio de reemplazo Tipo de ítem Koha
        Biblioteca del Ateneo de Madrid Biblioteca del Ateneo de Madrid Galería 17/01/2008     C-18165 1062359 23/02/2023 23/02/2023 Libro impreso